书目信息 |
| 题名: |
简明同义词典
|
|
| 作者: | 张志毅 编著 | |
| 分册: | ||
| 出版信息: | 上海 上海辞书出版社 1991.12 |
|
| 页数: | 247页 | |
| 开本: | 32开 | |
| 丛书名: | ||
| 单 册: | ||
| 中图分类: | H164 | |
| 科图分类: | ||
| 主题词: | 汉语--词典学 | |
| 电子资源: | ||
| ISBN: | ||
| 000 | 00546nam0 2200205 45 | |
| 001 | 0210250910 | |
| 005 | 20040429104021.5 | |
| 010 | @dCNY0.71 | |
| 091 | @a17187.52 | |
| 100 | @a20021025d1991 km y0chiy0120 ea | |
| 101 | 0 | @achi |
| 105 | @a e 000yy | |
| 200 | 1 | @a简明同义词典@AJian Ming Tong Yi Ci Dian@f张志毅编著@FZhang Zhi Yi BianZhu |
| 210 | @a上海@c上海辞书出版社@d1991.12 | |
| 215 | @a247页@d32开 | |
| 606 | 0 | @a汉语@x词典学 |
| 690 | @aH164@v3 | |
| 701 | 0 | @a张志毅@4编著 |
| 801 | @aCN@bTSTC@c20030227 | |
| 905 | @dH164@e10@f1@b96028 | |
| 简明同义词典/张志毅编著.-上海:上海辞书出版社,1991.12 |
| 247页;32开 |
| ISBN :CNY0.71 |
| ● |
| 相关链接 |
|
|
|
|
正题名:简明同义词典
索取号:H164/10
 
预约/预借
| 序号 | 登录号 | 条形码 | 馆藏地/架位号 | 状态 | 备注 |
| 1 | 0096028 | 000850378 | 第四借阅区/ [索取号:H164/10] | 在馆 | |
| 2 | 0096030 | 000850412 | 第二样本阅览室/ [索取号:H164/10] | 在馆 |